000 00620nam a2200193Ia 4500
003 GCL
008 140319s9999 xx 000 0 ara d
020 _a9010399977
040 _aGCL /
_cGCL
082 0 4 _a814
_bي غ
100 1 _aيوسف معاطى
245 1 0 _aغير يابنى /
_cيوسف معاطى
260 _aالقاهرة :
_bأطلس للنشر والانتاج الاعلامى ،
_c2005
300 _a158 ص ؛
_c19 سم
650 0 4 _aالمقالات العربية
650 0 4 _aالادب العربى الهزلى
650 0 4 _aالادب العربى الهزلى - مصر
942 _2ddc
_cBK
999 _c9374
_d9374